000 00850nam a2200277 a 4500
001 000014408
005 20200929163840.0
008 091212s2000 sp 000 f spa d
020 _a8466301267
040 _aDO-SdBNP
_bspa
_cBNPHU
041 1 7 _aspa
_heng
_2Código de idioma MARC
082 _a823.914
_bW516e
100 1 _aWest, Morris,
_d1916-1999
_912862
240 1 0 _aEminence.
_lEspañol
245 1 0 _aEminencia /
_cMorris West ; traducción de Fernando Mateo.
260 _a[Madrid] :
_bSuma de Letras,
_c2000.
300 _a414 p. ;
_c18 cm.
490 1 _aPunto de lectura
_v94
534 _pTítulo original en inglés:
_tEminence
650 4 _aNovela austriaca
_912863
650 4 _aLiteratura austriaca
_94014
700 1 _aMateo, Fernando,
_etr.
_932517
830 0 _aPunto de lectura ;
_v94
_93047
910 _aWM
049 _aBNGR
999 _c13999
_d13999